000 00915nam a2200265Ia 4500
003 OSt
005 20221005105219.0
006 a|||||r|||| 00| 0
007 ta
008 221004b |||||||| |||| 00| 0 hin d
020 _a8187116099
024 _a26177
037 _cTextual
040 _aCRL
_cCRL
_bhin
041 _2hin
_ahin
082 _aV42.N53<--M68, 152N9
100 _aसराओ, के टी एस, संपा.
_9623827
245 0 _aआधुनिक जापान का इतिहास
246 _aĀdhunik jāpān kā itihāsa
260 _aनई दिल्ली
_bआर एंड आर पब्लिशर्ज भारत
_c1999
300 _a280पृ0
_ccm.
650 _aजापान इतिहास
942 _hV42.N53<--M68, 152N9
_cTEXL
_2cc
999 _c1015148
_d1015148